ARRUPE JESUIT UNIVERSITY

CORONAVIRUS -STOP THE SPREAD - CLEAN,DISINFECT,COVER

Discussions and arguments on various subjects (Record no. 125645)

MARC details
000 -LEADER
fixed length control field 00382nam a22001217a 4500
008 - FIXED-LENGTH DATA ELEMENTS--GENERAL INFORMATION
fixed length control field 161102b xxu||||| |||| 00| 0 eng d
050 ## - LIBRARY OF CONGRESS CALL NUMBER
Classification number BX1750.N43C45
100 ## - MAIN ENTRY--PERSONAL NAME
Personal name Newman, John Henry
9 (RLIN) 8612
245 ## - TITLE STATEMENT
Title Discussions and arguments on various subjects
Statement of responsibility, etc /John Henry Newman
300 ## - PHYSICAL DESCRIPTION
Extent vi,404p.;
Dimensions 18cm.
650 ## - SUBJECT ADDED ENTRY--TOPICAL TERM
Topical term or geographic name as entry element Church
General subdivision History and doctrines
9 (RLIN) 27213
942 ## - ADDED ENTRY ELEMENTS (KOHA)
Source of classification or shelving scheme Library of Congress Classification
Item type Monograph ( Printed materials)
Holdings
Withdrawn status Lost status Source of classification or shelving scheme Damaged status Not for loan Collection code Home library Current library Shelving location Date acquired Total Checkouts Full call number Barcode Date last seen Price effective from Koha item type
    Library of Congress Classification     Main Collection ARRUPE LIBRARY ARRUPE LIBRARY Main Collection 02/11/2016   BX1750.N43C45 46500010032 22/11/2017 02/11/2016 Monograph ( Printed materials)

 

Arrupe Library. PO Box MP320 Mt Pleasant, Harare, Zimbabwe
263 242 745411|librarian@aju.ac.zw